000
00338 a2200169 4500
001
167592
020
_a
040
_c
Magnum
100
_a
Santiago, Rogério Zola
240
1
0
_a
Terra Brasilis
_l
por
245
1
0
_a
Terra Brasilis
300
_a
51
362
0
_a
1999
440
1
_a
Lê
697
_a
LITERATURA JUVENIL
942
_c
BK
999
_c
167592
_d
167592